Pays frontalier de l’Ukraine - Statistiques

Statistiques générales
  • Ce quiz a été pris 57 fois
  • Le résultat moyen est 6 sur 7
Statistiques - réponses
Km frontière avec l’Ukraine Pays % Correct
1 576 km Russie
100%
526 km Pologne
98%
891 km Biélorussie
93%
939 km Moldavie
91%
531 km Roumanie
91%
97 km Slovaquie
84%
103 km Hongrie
82%
Aucun quiz correspondant
Distribution des résultats
% des personnes avec chaque résultat
Percentile par nombre de réponses
Votre historique - résultats
Vous n’avez pas pris ce quiz